| 000 | 00699 a2200193 4500 | ||
|---|---|---|---|
| 008 | 100901t xxu||||| |||| 00| 0 eng d | ||
| 010 | _aENG-88946 | ||
| 020 |
_a9780195689457 _c650.00 |
||
| 035 | _aEN-72479 | ||
| 037 | _bDBAD / PUB | ||
| 082 | 1 | 4 | _a598.09541 |
| 245 | 1 |
_aBirds of India : _cedited by Abdul Jamil Urfi _ba literary anthology / |
|
| 260 |
_aNew Delhi _bOxford University Press _c2008 |
||
| 300 |
_axxviii, 385p. ; _c22 cm (Hb) |
||
| 500 | _aIncludes bibliographical references and index | ||
| 700 |
_aUrfi, Abdul Jamil _917843 |
||
| 942 |
_adpl _cEN _k598.09541 / BIR _2ddc |
||
| 999 |
_c9531 _d9531 |
||